000 00629nam a22002177a 4500
003 UA-OsUOA
001 76799
007 ta
008 20110822b un ||||| |||| 00| 0 ukr d
090 _a341.1
_bП68
942 _cBK
040 _aUA-OsUOA
_brus
_cUA-OsUOA
_dUA-OsUOA
245 _aПраво Совета Европы и Россия
_bсборник документов и материалов
300 _a303 с.
955 _a2
041 _arus
080 _a341.1
260 _aКраснодар
_bСоветская Кубань
_c1996
650 7 _a341 Міжнародне право
_2UDC
999 _c363092
_d363092